000 00705nam a2200205Ii 4500
003 JO-AjNU
008 230605s9999||||xx |||||||||||||| ||und||
040 _aJO-AjNU
_bara
_erda
_cJO-AjNU
041 _aara
050 1 4 _aLA911.3.A4222.1986
100 3 _aالعكش،إبراهيم علي,
_eauthor
_918685
245 0 0 _aالتربية والتعليم في الأندلس
250 _aط1
264 3 1 _aعمان:دار الفيحاء،1986/عمان:دار عمار،1986
300 _a263ص
336 _atext
_btxt
_2rdacontent
337 _aunmediated
_bn
_2rdamedia
338 _avolume
_bnc
_2rdacarrier
650 4 _aمدارس إسلامية-التربية و التعليم-الأندلس
_918686
999 _aA6023
_c9591
_d9591